00242nam a2200073Ia 4500008004100000082000800041100001300049245010600062240331s9999 xx 000 0 und d bUND aWERC. ed 0aUnderstanding CEDAW :bThe Convention on the Elimination of all forms of Discrimination against women